LEADER 01450nam0 22003493i 450 001 TO00115400 005 20251003044402.0 010 $a8814007578 100 $a20130827d1985 ||||0itac50 ba 101 | $aita 102 $ait 181 1$6z01$ai $bxxxe 182 1$6z01$an 183 1$6z01$anc$2RDAcarrier 200 1 $aˆIl ‰super-condominio$econdominio negli edifici, complessi immobiliari ed edifici complessi$fa cura di Rafaele Corona 210 $aMilano$cGiuffrè$dstampa 1985 215 $aVIII, 166 p.$d23 cm 225 | $aLocazioni e condominio$v18 410 0$1001CFI0004082$12001 $aLocazioni e condominio$v18 676 $a346$9Diritto privato$v12 676 $a346.450433$9DIRITTO DELLA PROPRIETA ORIZZONTALE (CONDOMINIO) E DELLA PROPRIETA INDIVISA (COMUNIONE). ITALIA$v21 702 1$aCorona$b, Rafaele$3CFIV085186 801 3$aIT$bIT-000000$c20130827 850 $aIT-BN0095 $aIT-AV0002 $aIT-NA0438 901 $bNAP 01$cD $n$ 901 $bNAP AI$cBIBLIOTECA$n$ 901 $bNAP BD$cSALA D $nComprende monografie, per lo più codici giuridici e operre enciclopediche 912 $aTO00115400 950 0$aBiblioteca Centralizzata di Ateneo$d 01D (AR) 5 276$e 01AR 0070052765 VMA $fY $h20230512$i20230512$lFONDO CHIOMENTI$mEx Libris 977 $a 01$a AI$a BD 996 $aSuper-condominio$9689426 997 $aUNISANNIO